The years of challenge: (Record no. 177258)

MARC details
000 -LEADER
fixed length control field 00787nam a22002177a 4500
005 - DATE AND TIME OF LATEST TRANSACTION
control field 20210216153910.0
010 ## - LCCN (DPL NO)
LC control number B-736892
020 ## - INTERNATIONAL STANDARD BOOK NUMBER
Terms of availability 66.00
035 ## - SYSTEM CONTROL NUMBER
System control number B-736892
037 ## - SOURCE OF ACQUISITION
Source of stock number/acquisition Gift/Eng/03-02-2021
082 ## - DEWEY DECIMAL CLASSIFICATION NUMBER
Classification number 354.54035
100 ## - MAIN ENTRY--PERSONAL NAME
Personal name Gandhi, Indira
245 ## - TITLE STATEMENT
Title The years of challenge:
Remainder of title selected speeches of Indira Gandhi, January 1966-Aug 1969 /
Statement of responsibility, etc by Indira Gandhi
250 ## - EDITION STATEMENT
Edition statement 2nd rev. ed.
260 ## - PUBLICATION, DISTRIBUTION, ETC. (IMPRINT)
Place of publication, distribution, etc New Delhi
Name of publisher, distributor, etc Publication Division
Date of publication, distribution, etc 1985
270 ## - ADDRESS
Address Super Bazar, Cannaught Circus
City New Delhi
Postal code 110001
300 ## - PHYSICAL DESCRIPTION
Extent xvi, 497p.
Other physical details ill.
Dimensions 24cm(Hb)
500 ## - GENERAL NOTE
General note includes index
942 ## - ADDED ENTRY ELEMENTS (KOHA)
Source of classification or shelving scheme Dewey Decimal Classification
Item type English Books
Call number suffix GAN
Classification part 354.54035
Holdings
Withdrawn status Lost status Not for loan Collection code Home library Current library Date acquired Source of acquisition Cost, normal purchase price Full call number Barcode Copy number Cost, replacement price Koha item type
      Non-fiction Central Library Central Library 16/02/2021 Gift/Eng/03-02-2021 66.00 354.54035 GAN B-736892 1 66.00 English Books

© Delhi Public Library
Hit Counter
free hit counter